[Event "XXV OOM - Mistrzostwa Polski Juniorow Mlodszych - Chlopcy do lat 12"]
[Site "Sielpia"]
[Date "1899-12-30"]
[Round "9.13"]
[White "Rylski, Tadeusz"]
[Black "Wiszniewski, Szymon"]
[Result "0-1"]
[WhiteTitle "II+"]
[BlackTitle "II+"]
[WhiteElo "1650"]
[BlackElo "1445"]

1. e4 c5 2. Nf3 d6 3. d4 cxd4 4. Nxd4 Nf6 5. Nc3 Nc6 6. Bb5 Bd7 7. O-O e6 8. Be3
Be7 9. Qe2 O-O 10. f4 e5 11. Nb3 Ng4 12. f5 Nxe3 13. Qxe3 a6 14. Bd3 Nb4 15. Rad1
Nxd3 16. Qxd3 Bb5 17. Nxb5 axb5 18. a3 b4 19. axb4 Qb6+ 20. Kh1 Qxb4 21. Ra1 h6
22. Qd5 Rfc8 23. c3 Qb6 24. h3 Qc6 25. Qd3 b6 26. Nd2 Rxa1 27. Rxa1 Ra8 28. Rd1
b5 29. Nf1 Ra4 30. Re1 Qb7 31. Kh2 b4 32. b3 Ra3 33. c4 Qb6 34. Rd1 Qf2 35. Rd2
Qe1 36. Rd1 Qc3 37. Ne3 Bg5 38. Nd5 Qxb3 39. Qxb3 Rxb3 40. Ra1 Ra3 41. Rxa3 bxa3
42. Nc3 Kf8 43. Kg1 Ke7 44. Kf2 Kd7 45. Ke2 Kc6 46. Kd3 Kc5 47. g3 Kb4 48. h4
Bd8 49. Kc2 Kxc4 50. Ne2 Bb6 51. Kb1 Kd3 0-1

[Event "XXV OOM - Mistrzostwa Polski Juniorow Mlodszych - Chlopcy do lat 12"]
[Site "Sielpia"]
[Date "1899-12-30"]
[Round "9.14"]
[White "Jarocki, Gabriel"]
[Black "Pancewicz, Szymon"]
[Result "1/2-1/2"]
[WhiteTitle "II"]
[BlackTitle "I"]
[WhiteElo "1434"]
[BlackElo "1605"]

1. e4 c5 2. c4 Nc6 3. Nc3 g6 4. f4 d6 5. g3 Bg7 6. Bg2 Nd4 7. d3 Nf6 8. Nf3 Bg4
9. O-O O-O 10. h3 Bxf3 11. Bxf3 Nd7 12. Bg2 Rb8 13. Rb1 a6 14. Ne2 b5 15. b3 Nb6
16. Bb2 e5 17. Bxd4 cxd4 18. f5 bxc4 19. dxc4 Nd7 20. Qd2 Qe7 21. g4 Bf6 22. Qd1
Bg5 23. Nc1 a5 24. Nd3 Nc5 25. Nxc5 dxc5 26. Rf3 Rb6 27. Qe1 Qd8 28. Rd1 Rb4 29.
Qe2 a4 30. Rdd3 Bf4 31. a3 Rxb3 32. Rxb3 axb3 33. Rxb3 Qa5 1/2-1/2

[Event "XXV OOM - Mistrzostwa Polski Juniorow Mlodszych - Chlopcy do lat 12"]
[Site "Sielpia"]
[Date "1899-12-30"]
[Round "9.15"]
[White "Malinowski, Szymon"]
[Black "Bochenek, Ryszard"]
[Result "1-0"]
[WhiteTitle "I"]
[BlackTitle "II"]
[WhiteElo "1494"]
[BlackElo "1433"]

1. d4 d6 2. Nf3 g6 3. Bg5 h6 4. Bh4 Bg7 5. e4 Nd7 6. c3 Ngf6 7. Bd3 c5 8. Nbd2
O-O 9. O-O a6 10. a4 b6 11. Qb3 Rb8 12. e5 dxe5 13. dxe5 Ng4 14. Bxg6 Ndxe5 15.
Bb1 Be6 16. Qc2 Ng6 17. Bg3 Rc8 18. Nh4 Nf6 19. Ndf3 Bd5 20. Nd2 Nxh4 21. Bxh4
Re8 22. c4 Be6 23. Ra3 Qd4 24. Bxf6 Qxf6 25. Rg3 Kf8 26. b3 Red8 27. Nf3 Rd7 28.
Qe4 Rcd8 29. Bc2 h5 30. h3 a5 31. Qh7 Qh6 32. Rg5 Qxh7 33. Bxh7 h4 34. Nxh4 Rd1
35. Nf5 Bxf5 36. Bxf5 R1d2 37. Rg3 e6 38. Bg4 f5 39. Bh5 f4 40. Rf3 e5 41. Bg6
R8d4 42. h4 Bh6 43. h5 Kg7 44. Re1 Kf6 45. g3 Rd1 46. Rxd1 Rxd1+ 47. Kg2 Kg5 48.
gxf4+ exf4 49. Rh3 Kg4 50. Rc3 Rd2 51. Bf7 Bg5 52. Bg6 Bh4 53. Rf3 Bf6 54. Bf7
Bd4 55. h6 Kf5 56. h7 Kg4 57. Be6+ Kg5 58. Bg8 Re2 59. Bd5 Rd2 60. Bc6 Re2 61.
Bd5 Kg4 62. Bg8 Kf5 63. Bd5 1-0

[Event "XXV OOM - Mistrzostwa Polski Juniorow Mlodszych - Chlopcy do lat 12"]
[Site "Sielpia"]
[Date "1899-12-30"]
[Round "9.16"]
[White "Wierzbicki, Dawid"]
[Black "Wydmanski, Szymon"]
[Result "1-0"]
[WhiteTitle "I"]
[BlackTitle "II"]
[WhiteElo "1500"]
[BlackElo "1319"]

1. e4 c5 2. Nf3 d6 3. d4 cxd4 4. Qxd4 Nc6 5. Bb5 Bd7 6. Qd3 Nf6 7. Bg5 e5 8. Nc3
Nb4 9. Qe2 Be7 10. O-O-O Qc7 11. Bxd7+ Nxd7 12. Bxe7 Kxe7 13. a3 Nf6 14. axb4
a6 15. Nd5+ Nxd5 16. exd5 Rhc8 17. Nxe5 Qd8 1-0

[Event "XXV OOM - Mistrzostwa Polski Juniorow Mlodszych - Chlopcy do lat 12"]
[Site "Sielpia"]
[Date "1899-12-30"]
[Round "9.17"]
[White "Nowak, Filip"]
[Black "Jaskiewicz, Kacper"]
[Result "1/2-1/2"]
[WhiteTitle "I"]
[BlackTitle "II"]
[WhiteElo "1591"]
[BlackElo "1372"]

1. e4 c5 2. Nf3 Nc6 3. d4 cxd4 4. Nxd4 Nf6 5. Nc3 e5 6. Ndb5 d6 7. Bg5 a6 8. Na3
b5 9. Nd5 Be7 10. Bxf6 Bxf6 11. c4 b4 12. Nc2 a5 13. g3 Bg5 14. Bg2 g6 15. O-O
O-O 16. f4 Bh6 17. Qd3 Ba6 18. b3 Bg7 19. Rad1 Qb8 20. Kh1 Qb7 21. Qd2 Rad8 22.
f5 f6 23. fxg6 hxg6 24. Bh3 Ne7 25. Nxe7+ Qxe7 26. Qd5+ Kh7 27. Qxa5 Bb7 28. Bg2
Ra8 29. Qxb4 Rxa2 30. Ne3 Rd8 31. Nd5 Bxd5 32. Rxd5 Bf8 33. Rfd1 Qa7 34. Qc3 Rc8
35. Qf3 Be7 36. Qg4 Rc7 37. Qe6 Kg7 38. Rb5 Rd2 39. Rg1 Bf8 40. Rf1 Rf7 41. Rd5
Rf2 42. Rdd1 Rxf1+ 43. Rxf1 Qa2 44. b4 Qa3 45. b5 Qa7 46. Qd5 Rb7 47. h4 Rc7 48.
Qe6 Rf7 49. g4 Qe7 50. Qd5 Qb7 51. Qxb7 Rxb7 52. Rd1 Be7 53. Kh2 Rb6 54. Kg3 Rb8
55. Bf3 Rb7 56. Ra1 Bd8 57. Ra6 Bb6 58. g5 fxg5 59. hxg5 Bc5 60. Bg4 Kf7 61. Ra8
Ra7 62. Rxa7+ Bxa7 63. Bd7 Ke7 64. Bc6 Be3 65. Kg4 Kd8 66. Bd5 Ke7 67. Bg8 Kf8
68. Bd5 Ke7 69. Kh4 Bd4 70. Kg4 Be3 71. Kf3 Bxg5 72. b6 Kd7 73. b7 Kc7 74. Kg4
Bd2 75. Kf3 1/2-1/2

[Event "XXV OOM - Mistrzostwa Polski Juniorow Mlodszych - Chlopcy do lat 12"]
[Site "Sielpia"]
[Date "1899-12-30"]
[Round "9.18"]
[White "Miler, Franciszek"]
[Black "Kolendo, Kajetan"]
[Result "1/2-1/2"]
[WhiteTitle "II"]
[BlackTitle "II"]
[WhiteElo "1431"]
[BlackElo "1197"]

1. e4 e6 2. d4 d5 3. e5 c5 4. Nf3 Nc6 5. Bd3 cxd4 6. a3 Nge7 7. O-O Ng6 8. Re1
Qc7 9. Qe2 Bd7 10. b4 f6 11. Bxg6+ hxg6 12. Bf4 fxe5 13. Nxe5 Nxe5 14. Bxe5 Bd6
15. h3 Bxe5 16. Qxe5 Qxe5 17. Rxe5 Rh5 18. f4 Rxe5 19. fxe5 Rc8 20. Nd2 Rxc2 21.
Nf3 d3 22. Nd4 Rc4 23. Nf3 Ba4 24. Kf2 Re4 25. Re1 Bc2 26. Nd2 Rxe1 27. Kxe1 Kd7
28. Nf3 a6 29. Nd4 b6 30. Kd2 Bb1 31. Kc1 1/2-1/2

[Event "XXV OOM - Mistrzostwa Polski Juniorow Mlodszych - Chlopcy do lat 12"]
[Site "Sielpia"]
[Date "1899-12-30"]
[Round "9.19"]
[White "Krol, Jan"]
[Black "Zieba, Hubert"]
[Result "1/2-1/2"]
[WhiteTitle "II+"]
[BlackTitle "I"]
[WhiteElo "1405"]
[BlackElo "1419"]

1. e4 c5 2. Nf3 Nc6 3. d4 cxd4 4. Nxd4 g6 5. Be3 Bg7 6. Nc3 Nf6 7. f3 O-O 8. Be2
d5 9. exd5 Nxd5 10. Nxd5 Qxd5 11. Nxc6 Qxc6 12. c3 Be6 13. O-O Rfd8 14. Qc2 Bf5
15. Qb3 b6 16. Bc4 e6 17. Rad1 Bc2 18. Qxc2 Qxc4 19. a3 Bf8 20. h3 Bc5 21. Bxc5
bxc5 22. b3 Qb5 23. b4 a5 24. c4 Qb6 25. b5 Rd4 26. Rd3 Rad8 27. Rfd1 e5 28. Rxd4
Rxd4 29. Rxd4 cxd4 30. Qd3 Qc5 31. Kh1 1/2-1/2

[Event "XXV OOM - Mistrzostwa Polski Juniorow Mlodszych - Chlopcy do lat 12"]
[Site "Sielpia"]
[Date "1899-12-30"]
[Round "9.20"]
[White "Sniadecki, Oskar"]
[Black "Paszkowski, Krystian"]
[Result "0-1"]
[WhiteTitle "II"]
[BlackTitle "I"]
[WhiteElo "1345"]
[BlackElo "1727"]

1. d4 Nf6 2. Nf3 e6 3. Bg5 h6 4. Bxf6 Qxf6 5. e4 d6 6. c3 e5 7. d5 g6 8. Nbd2 a6
9. Be2 Bg7 10. Qc2 O-O 11. O-O Qe7 12. Rfe1 f5 13. exf5 Bxf5 14. Bd3 Qf7 15. c4
Nd7 16. Nb3 b6 17. Re2 Bxd3 18. Qxd3 Qf5 19. Qe3 g5 20. Nfd2 a5 21. Ne4 Nf6 22.
Nxf6+ Rxf6 23. Nd2 Raf8 24. Ne4 R6f7 25. Rb1 Qd7 26. a3 a4 27. Rd1 Rf4 28. Rc1
Qf7 29. Rcc2 Qg6 30. h3 g4 31. hxg4 Rxg4 32. f3 Rgf4 33. Rf2 h5 34. Kf1 Bh6 35.
Qd3 Rh4 36. Nc5 Qxd3+ 37. Nxd3 Be3 38. g3 Rd4 39. Nxe5 Bxf2 40. Nc6 Rxf3 41. Nxd4
Bxd4+ 42. Kg2 Rb3 0-1

[Event "XXV OOM - Mistrzostwa Polski Juniorow Mlodszych - Chlopcy do lat 12"]
[Site "Sielpia"]
[Date "1899-12-30"]
[Round "9.21"]
[White "Maslanka, Wojciech"]
[Black "Kozera, Dawid"]
[Result "1-0"]
[WhiteTitle "I"]
[BlackTitle "II"]
[WhiteElo "1541"]
[BlackElo "1280"]

1. e4 c5 2. d4 cxd4 3. c3 g6 4. Nf3 Bg7 5. cxd4 d5 6. e5 Nc6 7. Bb5 Nh6 8. Nc3
O-O 9. Bxc6 bxc6 10. Bf4 Nf5 11. Qd2 e6 12. O-O Rb8 13. Rfc1 Qa5 14. Rc2 c5 15.
dxc5 Qxc5 16. Rac1 Qa5 17. b3 Bd7 18. Ne2 Qxd2 19. Bxd2 Bb5 20. Ng3 Nxg3 21. hxg3
Bd3 22. Rc7 a6 23. Bf4 h6 24. g4 g5 25. Bg3 Rfe8 26. Ne1 Bg6 27. f3 Bf8 28. Ra7
Ra8 29. Rxa8 Rxa8 30. Bf2 Ba3 31. Rc6 Bb1 32. Nc2 Bb2 33. Bd4 Bxd4+ 34. Nxd4 Bxa2
35. Rc1 Rb8 36. Ra1 Bxb3 37. Rb1 a5 38. Rxb3 Rxb3 39. Nxb3 a4 40. Na1 Kf8 41.
Kf2 Ke7 42. Ke3 Kd7 43. Kd4 Kc6 44. Nc2 Kb5 45. Kc3 Kc5 46. g3 Kb5 47. Kd4 Kc6
48. Kc3 Kb5 49. Kd4 Kc6 50. Na3 Kb6 51. Kc3 Kc5 52. f4 d4+ 53. Kd3 Kd5 54. Nc2
gxf4 55. gxf4 Kc5 56. Nxd4 Kb4 57. Kc2 Kc4 58. Nxe6 fxe6 59. f5 exf5 60. e6 fxg4
61. e7 a3 62. e8=Q g3 63. Qa4+ Kd5 64. Qxa3 g2 65. Qf3+ 1-0

[Event "XXV OOM - Mistrzostwa Polski Juniorow Mlodszych - Chlopcy do lat 12"]
[Site "Sielpia"]
[Date "1899-12-30"]
[Round "9.22"]
[White "Wolski, Michal"]
[Black "Ptaszynski, Szymon"]
[Result "1/2-1/2"]
[WhiteTitle "II"]
[BlackTitle "II"]
[WhiteElo "1448"]
[BlackElo "1444"]

1. e4 c5 2. Nf3 e6 3. c3 Nf6 4. e5 Nd5 5. d4 cxd4 6. cxd4 Nc6 7. Bc4 d6 8. O-O
Be7 9. exd6 Qxd6 10. Nc3 a6 11. Re1 O-O 12. Ne4 Qc7 13. a3 Rd8 14. Bd3 Nf6 15.
Be3 Nxe4 16. Bxe4 f5 17. Bxc6 bxc6 18. Rc1 Bf6 19. Bg5 Qd6 20. Bxf6 gxf6 21. Qc2
Bd7 22. Qc3 Kf7 23. Rcd1 Rg8 24. Qe3 f4 25. Qe4 Rg7 26. Kh1 Rag8 27. Rg1 Rg6 28.
g3 fxg3 29. Rxg3 Rxg3 30. hxg3 Rg7 31. Kg2 Qe7 32. Qf4 Qd8 33. Ne5+ Ke7 34. Nc4
Be8 35. Ne3 Kf7 36. Ng4 Qd5+ 37. Kg1 Qd8 38. Ne5+ Ke7 39. Ng4 Kf7 40. Ne5+ Ke7
1/2-1/2

[Event "XXV OOM - Mistrzostwa Polski Juniorow Mlodszych - Chlopcy do lat 12"]
[Site "Sielpia"]
[Date "1899-12-30"]
[Round "9.23"]
[White "Zalega, Maciej"]
[Black "Skrzypinski, Jan"]
[Result "1-0"]
[WhiteTitle "II+"]
[BlackTitle "II+"]
[WhiteElo "1538"]
[BlackElo "1365"]

1. e4 c5 2. Nf3 d6 3. d4 cxd4 4. Nxd4 Nf6 5. Nc3 g6 6. Be3 Bg7 7. f3 O-O 8. g4
a6 9. Qd2 b5 10. O-O-O Bb7 11. h4 Nc6 12. h5 Rc8 13. hxg6 fxg6 14. Ne6 Qa5 15.
Nxg7 Kxg7 16. Bh6+ Kh8 17. Bxf8 b4 18. Qh6 Rxf8 19. Qxf8+ Ng8 20. Bc4 Qg5+ 21.
Kb1 e6 22. Bxe6 Nce7 23. f4 Qh5 24. gxh5 g5 25. h6 1-0

[Event "XXV OOM - Mistrzostwa Polski Juniorow Mlodszych - Chlopcy do lat 12"]
[Site "Sielpia"]
[Date "1899-12-30"]
[Round "9.24"]
[White "Sukiennik, Oliwier"]
[Black "Baszczynski, Gabriel"]
[Result "1/2-1/2"]
[WhiteTitle "II+"]
[BlackTitle "II+"]
[WhiteElo "1466"]
[BlackElo "1501"]

1. e4 e5 2. Nf3 Nf6 3. d3 Nc6 4. g3 Be7 5. Bg2 d6 6. O-O Be6 7. Nc3 Qd7 8. a3 h6
9. b4 O-O 10. Bb2 Bh3 11. Ne2 Bxg2 12. Kxg2 b5 13. Nh4 Nh7 14. Nf5 g6 15. Nxe7+
Nxe7 16. f4 f6 17. Qd2 g5 18. f5 d5 19. Rad1 Rad8 20. Qe1 Qc6 21. Qc3 dxe4 22.
Qxc6 Nxc6 23. dxe4 Rxd1 24. Rxd1 Rd8 25. Rxd8+ Nxd8 26. g4 Nf8 27. Nc1 Nd7 28.
Nb3 Nb7 29. Kf3 c5 30. c3 cxb4 31. cxb4 Nb6 32. Nd2 a5 33. bxa5 Nxa5 34. Bc3 Nc6
35. Ke3 Na4 36. Ba1 b4 37. axb4 Nxb4 38. Nb3 Nc2+ 39. Kd2 Nxa1 40. Nxa1 1/2-1/2

[Event "XXV OOM - Mistrzostwa Polski Juniorow Mlodszych - Chlopcy do lat 12"]
[Site "Sielpia"]
[Date "1899-12-30"]
[Round "9.25"]
[White "Iwaszkiewicz, Grzegorz"]
[Black "Merecki, Antoni"]
[Result "1-0"]
[WhiteTitle "II"]
[BlackTitle "II"]
[WhiteElo "1403"]
[BlackElo "1177"]

1. d4 d5 2. c4 e6 3. Nc3 Nf6 4. Bg5 Be7 5. Nf3 O-O 6. cxd5 exd5 7. e3 c6 8. Bd3
Nbd7 9. Qc2 h6 10. Bh4 Re8 11. O-O Ne4 12. Bxe4 dxe4 13. Bxe7 Qxe7 14. Nd2 Nf6
15. Rab1 Bf5 16. b4 a6 17. a4 Rec8 18. Qb2 Nd5 19. Ne2 Rab8 20. Nc3 Bg6 21. Qb3
Qe6 22. Rfc1 f5 23. Nxd5 cxd5 24. Rc5 Rxc5 25. bxc5 Be8 26. a5 Bc6 27. Rb2 g5
28. Nb1 f4 29. Na3 f3 30. Nc2 Qg4 31. Ne1 fxg2 32. Qc2 Kg7 33. Qe2 Qxe2 34. Rxe2
Rf8 35. Rb2 Kf6 36. Kxg2 Ke6 37. Nc2 Bb5 38. Na3 Bc6 39. Rb6 h5 40. Nc2 Kd7 41.
Nb4 Ra8 42. Kg3 Kc7 43. h3 Kd7 44. Nxc6 bxc6 45. Rb7+ Ke6 46. Rc7 Kf5 47. Rxc6
h4+ 48. Kh2 g4 49. Rd6 g3+ 50. fxg3 hxg3+ 51. Kg2 1-0

[Event "XXV OOM - Mistrzostwa Polski Juniorow Mlodszych - Chlopcy do lat 12"]
[Site "Sielpia"]
[Date "1899-12-30"]
[Round "9.26"]
[White "Krasniewski, Maciej"]
[Black "Adamala, Jacek"]
[Result "1-0"]
[WhiteTitle "I"]
[BlackTitle "II"]
[WhiteElo "1537"]
[BlackElo "1317"]

1. e4 e5 2. f4 exf4 3. Nf3 Ne7 4. Bc4 d5 5. exd5 Nxd5 6. O-O Be7 7. Bxd5 Qxd5 8.
Nc3 Qd8 9. d4 O-O 10. Bxf4 c6 11. Qd3 c5 12. d5 Bd6 13. Bxd6 Qxd6 14. Kh1 a6 15.
Ne4 Qb6 16. Nfg5 f6 17. Nxf6+ Rxf6 18. Qxh7+ Kf8 19. Qh8+ Ke7 20. Qxg7+ Kd8 21.
Qxf6+ Qxf6 22. Rxf6 Nd7 23. Rh6 Kc7 24. Re1 Kb8 25. h4 Ka7 26. h5 Nb6 27. d6 Bd7
28. Re7 Rd8 29. Ne6 Bxe6 30. Rhxe6 Kb8 31. Re8 Kc8 32. Rxd8+ Kxd8 33. h6 1-0